Normal view MARC view
  • PALTER,M.ROBERT

Entry Personal Name

Number of records used in: 0

001 - CONTROL NUMBER

  • control field: 132003

003 - CONTROL NUMBER IDENTIFIER

  • control field: NUST

005 - DATE AND TIME OF LATEST TRANSACTION

  • control field: 20251124100750.0

008 - FIXED-LENGTH DATA ELEMENTS

  • fixed length control field: 251124|| aca||aabn | a|a d

040 ## - CATALOGING SOURCE

  • Original cataloging agency: NUST
  • Transcribing agency: NUST

100 ## - HEADING--PERSONAL NAME

  • Personal name: PALTER,M.ROBERT

670 ## - SOURCE DATA FOUND

  • Source citation: Work cat.: (NUST): PALTER,M.ROBERT., TOWARD MODERN SCIENCE /, 1961.
© 2023 Central Library, National University of Sciences and Technology. All Rights Reserved.